00875nam a2200229 a 4500001001000000003000500010005001700015008004100032010001100073011001100084040000900095100003400104245009600138260004100234500006000275502007700335650005700412650002000469650005200489650003400541856007000575000111863CHAP20220329144232.0150924s2015 mx a fsm |||||||spa d a108324 a109296 cCHAP1 aDurán Moreno, José Rafael10aManejo de bases de datos de alto Volumen /h[En línea]cpor José Rafael Durán Moreno. aChapingo, Méx. :bEl autor,c2015. aPara ver el contenido del material haga clic en la liga aTesis (Lic. en Estadística) -- UACH. División de Ciencias Forestales14aAlmacenamiento y recuperación de la información.14aBases de datos.14aProcesamiento automático de datos en bosques.14aProgramación (Computadoras) aFinding aiduhttp://10.13.5.2/tesis/sist111863.pdfzTeclea aquí